Cơ học kết cấu

Đã lưu trong:
Chi tiết về thư mục
Tác giả chính: Lều, Thọ Trình
Định dạng: Sách
Ngôn ngữ:Undetermined
Được phát hành: Hà Nội Khoa học và Kỹ thuật 2006
Những chủ đề:
Các nhãn: Thêm thẻ
Không có thẻ, Là người đầu tiên thẻ bản ghi này!
Thư viện lưu trữ: Trung tâm Học liệu Trường Đại học Cần Thơ
LEADER 00699nam a2200205Ia 4500
001 CTU_131426
008 210402s9999 xx 000 0 und d
020 |c 46000 
082 |a 624.171 
082 |b Tr312/T2 
100 |a Lều, Thọ Trình 
245 0 |a Cơ học kết cấu 
245 0 |c Lều Thọ Trình 
260 |a Hà Nội 
260 |b Khoa học và Kỹ thuật 
260 |c 2006 
650 |a Mechanics, Analytic,Trung tâm Học liệu ĐH Cần Thơ,Mechanics, Applied,Cơ học, Ứng dụng,Statics,Tĩnh học 
650 |x Cơ học, Phân tích 
904 |i Hiếu, Hải Ý 
980 |a Trung tâm Học liệu Trường Đại học Cần Thơ